Detalles MARC
| 000 -CABECERA |
| fixed length control field |
02270nam a22003735i 4500 |
| 001 - NÚMERO DE CONTROL |
| control field |
20539711 |
| 005 - FECHA Y HORA DE LA ULTIMA TRANSACCIÓN |
| control field |
20260414150204.0 |
| 008 - ELEMENTOS DE LONGITUD FIJA |
| fixed length control field |
260327s2007 ag 000 0 spa |
| 010 ## - NÚMERO DE CONTROL DE LIBRARY OF CONGRESS |
| Número de control de LC |
2018357674 |
| 020 ## - ISBN |
| ISBN |
9789871246595 |
| 040 ## - FUENTE DE CATALOGACIÓN |
| Agencia de catalogación original |
DLC |
| Idioma de la catalogación |
eng |
| Convenciones de la descripción |
rda |
| Agencia que realiza la transcripción |
DLC |
| Agencia que realiza la modificación |
AR-MoUNM |
| 042 ## - CÓDIGO DE AUTENTICACIÓN |
| Código de autenticación |
pcc |
| 082 0# - NÚMERO DE CLASIFICACIÓN DECIMAL DEWEY (C.D.D.) |
| Número de la edición |
20 |
| Número de la Clasificación Decimal de Dewey (C.D.D.) |
338.4 |
| Número del ítem |
POLIT 769 |
| 245 00 - MENCIÓN DEL TÍTULO |
| Título |
Políticas de promoción y estrategias empresariales en la industria argentina : |
| Resto del título |
1950-1980 / |
| Mención de responsabiblidad |
compilación, Marcelo Rougier ; Patricia Jerez...[et al.] |
| 260 ## - PUBLICACIÓN, DISTRIBICIÓN, ETC. |
| Lugar de publicación, distribución, etc. |
Buenos Aires : |
| Nombre del editor, distribuidor, etc. |
Ediciones Cooperativas, |
| Fecha de publicación, distribución, etc. |
2007. |
| 300 ## - DESCRIPCIÓN FÍSICA |
| Extensión |
303 p. : |
| Otros detalles físicos |
tablas ; cuadros ; |
| Dimensiones [El subcampo es A para Materiales Mixtos] |
20 cm. |
| 504 ## - NOTA DE BIBLIOGRAFÍA, ETC. |
| Nota de bibliografía, etc. |
Incluye referencias bibliográficas (p. 291-303) |
| 505 0# - NOTA DE CONTENIDO NORMALIZADA |
| Título |
Capítulo 1. Treinta años en la evolución de la industria siderúrgica argentina (1947-1976): una cuestión de oferta y demanda / |
| Mención de responsabilidad |
Patricia Jerez. |
| Información miscelánea |
p. 25-46. |
| 505 0# - NOTA DE CONTENIDO NORMALIZADA |
| Título |
Capítulo 2. La Dirección General de Fabricaciones Militares y su papel en la industrialización de posguerra, 1941-1958 / |
| Mención de responsabilidad |
Claudio Belini. |
| Información miscelánea |
p. 47-82. |
| 505 0# - NOTA DE CONTENIDO NORMALIZADA |
| Título |
Capítulo 3. Un nuevo actor siderúrgico en la Argentina de posguerra: el Grupo Techint / |
| Mención de responsabilidad |
Claudio Castro. |
| Información miscelánea |
p. 83-108. |
| 505 0# - NOTA DE CONTENIDO NORMALIZADA |
| Título |
Capítulo 4. Una mirada sobre los avatares del sector productor de maquinaria agrícola / |
| Mención de responsabilidad |
Andrés Lajer ; Mario Raccanello ; Juan Odisio. |
| Información miscelánea |
p. 109-132. |
| 505 0# - NOTA DE CONTENIDO NORMALIZADA |
| Título |
Capítulo 5. Expansión y crisis en La Cantábrica (1940-1990) / |
| Mención de responsabilidad |
Marcelo Rougier. |
| Información miscelánea |
p.133-176. |
| 505 0# - NOTA DE CONTENIDO NORMALIZADA |
| Título |
Capítulo 6. Taller Adabor S.A. : de exportadora de silos a fabrica recuperada / |
| Mención de responsabilidad |
Marcelo Rougier. |
| Información miscelánea |
p. 177-210. |
| 505 0# - NOTA DE CONTENIDO NORMALIZADA |
| Título |
Capítulo 7. La fábrica de cosechadoras: Vassalli frente a la insestabilidad macroeconómica de la segunda mitad del siglo XX / |
| Mención de responsabilidad |
Marcelo Rougier. |
| Información miscelánea |
p. 211-252. |
| 505 0# - NOTA DE CONTENIDO NORMALIZADA |
| Título |
Capítulo 8. La industria argentina mirada a través del crecimiento, consolidación y decadencia de Winco, 1954-1980 / |
| Mención de responsabilidad |
Graciela Pampín. |
| Información miscelánea |
p. 253-293. |
| 650 #7 - ENTRADA SECUNDARIA DE MATERIA - TÉRMINO TEMÁTICO |
| Fuente de la entrada o término |
unescot |
| 9 (RLIN) |
5244 |
| Término temático o nombre geográfico como elemento de entrada |
INDUSTRIA |
| 650 #7 - ENTRADA SECUNDARIA DE MATERIA - TÉRMINO TEMÁTICO |
| Fuente de la entrada o término |
unescot |
| 9 (RLIN) |
5179 |
| Término temático o nombre geográfico como elemento de entrada |
POLITICA INDUSTRIAL |
| 650 #7 - ENTRADA SECUNDARIA DE MATERIA - TÉRMINO TEMÁTICO |
| Fuente de la entrada o término |
unescot |
| 9 (RLIN) |
1479 |
| Término temático o nombre geográfico como elemento de entrada |
ECONOMIA INDUSTRIAL |
| 650 #7 - ENTRADA SECUNDARIA DE MATERIA - TÉRMINO TEMÁTICO |
| Término temático o nombre geográfico como elemento de entrada |
HISTORIA ECONOMICA |
| Fuente de la entrada o término |
ar-mounm |
| 9 (RLIN) |
1308 |
| 700 1# - ENTRADA SECUNDARIA - NOMBRE DE PERSONA |
| 9 (RLIN) |
486 |
| Nombre de la persona |
Rougier, Marcelo. |
| Término relacionador |
comp. |
| 906 ## - LOCAL DATA ELEMENT F, LDF (RLIN) |
| a |
0 |
| b |
ibc |
| c |
orignew |
| d |
2 |
| e |
ncip |
| f |
20 |
| g |
y-gencatlg |
| 942 ## - ADDED ENTRY ELEMENTS (KOHA) |
| Item type |
Libros |
| Source of classification or shelving scheme |
Dewey Decimal Classification |